ბათუმის შოთა რუსთაველის სახელმწიფო უნივერსიტეტის ბიბლიოთეკა

საეკლესიო სამართლის საკითხები : (ბიბ.ჩანაწერი № 56725)

000 -ლიდერი
ფიქსირებული სიგრძის საკონტროლო ველი 00997nam a22002537a 4500
003 - საკონტროლო ნომრის იდენტიფიკატორი
საკონტროლო ველი GE_BSU
005 - ბოლო ოპერაციის თარიღი და დრო
საკონტროლო ველი 20190421015953.0
008 - ფიქსირებული სიგრძის მონაცემთა ელემენტები - ზოგადი ინფორმაცია
ფიქსირებული სიგრძის საკონტროლო ველი 190410s2005 ge ||||| |||| 00| 0 geo d
020 ## - წიგნის საერთაშორისო სტანდარტული ნომერი
International Standard Book Number 9994078658
041 ## - ენის კოდი
Language code of text/sound track or separate title geo
080 ## - უნივერსალური ათობითი კლასიფიკაციის ინდექსი
Universal Decimal Classification number 348 ჩ-59
100 ## - მთავარი ჩანაწერი - პიროვნების სახელი
Personal name ჩიკვაიძე, დავით
9 (RLIN) 123
245 ## - ცნობა სათაურის შესახებ
Title საეკლესიო სამართლის საკითხები :
Remainder of title წ.1 /
Statement of responsibility, etc დავით ჩიკვაიძე ; თსუ ; საეკლესიო სამართლის კვლევითი ცენტრი.
250 ## - გამოცემის ცნობა
Edition statement
264 ## - წარმოების, გამოცემის, დისტრიბუციის და სხვა ცნობები
გამოცემის, წარმოების, დისტრიბუციის... ადგილი თბილისი :
გამოცემის, წარმოების, დისტრიბუციის... სახელწოდება ბონა კაუზა,
გამოცემის, წარმოების, დისტრიბუციის... თარიღი 2005.
300 ## - ფიზიკური აღწერა
Extent 150 გვ. ;
Dimensions 21 სმ.
505 ## - FORMATTED CONTENTS NOTE
Miscellaneous information
505 ## - FORMATTED CONTENTS NOTE
Miscellaneous information
653 ## - INDEX TERM--UNCONTROLLED
Uncontrolled term საეკლესიო სამართალი
653 ## - INDEX TERM--UNCONTROLLED
Uncontrolled term ეკლესია
710 ## - ADDED ENTRY--CORPORATE NAME
Corporate name or jurisdiction name as entry element თსუ
9 (RLIN) 155
710 ## - ADDED ENTRY--CORPORATE NAME
Corporate name or jurisdiction name as entry element საეკლესიო სამართლის ცენტრი.
9 (RLIN) 157
942 ## - ADDED ENTRY ELEMENTS (KOHA)
Source of classification or shelving scheme
Koha item type წიგნი
ეგზემპლარები
ჩამოწერის სტატუსი დაკარგული ეგზემპლარის სტატუსი კლასიფიკაციის წყარო ან თაროზე გაწყობის სქემა დაზიანების სტატუსი არ გაიცემა მუდმივი მდებარეობა (დაცვის ადგილი) ამჟამინდელი ადგილსამყოფელი თაროზე განთავსების ადგილი შეძენის თარიღი ღირებულება, შესყიდვის ნორმალური ფასი სრული შენახვის შიფრი შტრიხკოდი ბოლო ოპერაციის თარიღი ეგზემპლარის მიმდევრობითი ნომერი (კეტერი?) ფასის ძალაში შესვლის თარიღი ეგზემპლარის სახეობა საჯარო შენიშვნა
          ბათუმის შოთა რუსთაველის სახელმწიფო უნივერსიტეტის მთავარი ბიბლიოთეკა ბათუმის შოთა რუსთაველის სახელმწიფო უნივერსიტეტის მთავარი ბიბლიოთეკა წიგნსაცავი 2019-04-10 7.20 348 ჩ-59 28945 2019-04-10 28945 2019-04-11 წიგნი 7ლ. 20 თ.